Local government

Bibliographic Details
Main Author: Davies, Keith
Format: Book
Published: London : Butterworths , 1983
Subjects:

MARC

LEADER 00000cam a2200000 7i4500
001 0000001133
005 20050629.0
040 |a INS 
090 0 0 |a KF5300   |b D218 1983 
100 1 |a Davies, Keith 
245 1 0 |a Local government   |c Keith Davies 
260 |a London :   |b Butterworths ,   |c 1983 
300 |a viip :   |b 352p ;   |c 22cm. 
500 |a Includes index 
650 0 0 |a Local government   |z Great Britain 
999 |a 0000001472   |b BOOK   |c Open Shelf   |e Default branch